000 01140cam a22002054a 4500
005 20250605164244.0
008 250528s ||||||||||||||||||||||||d
035 _a21436
040 _aGR-AtMCL
_bgre
_dGR-AtMCL
_eAACR2
245 1 _aΑΝΘΡΩΠΙΝΕΣ ΣΧΕΣΕΙΣ ΣΤΗΝ ΕΡΓΑΣΙΑ
250 _a1
260 _bΑυτοεκδοση,
_c1993
300 _a219
505 0 _aΕΝΝΟΙΑ ΚΑΙ ΠΕΡΙΕΧΟΜΕΝΟ ΤΩΝ ΑΝΘΡΩΠΙΝΩΝ ΣΧΕΣΕΩΝ ΙΣΤΟΡΙΚΗ ΑΝΑΣΚΟΠΗΣΗ ΚΑΙ ΕΞΕΛΙΞΗ ΤΩΝ ΑΝΘΡΩΠΙΝΩΝ ΣΧΕΣΕΩΝ ΣΥΓΚΡΙΣΗ ΕΡΓΑΤΙΚΩΝ, ΒΙΟΜΗΧΑΝΙΚΩΝ, ΔΗΜΟΣΙΩΝ ΚΑΙ ΑΝΘΡΩΠΙΝΩΝ ΣΧΕΣΕΩΝ
520 _aΕΝΝΟΙΑ ΚΑΙ ΠΕΡΙΕΧΟΜΕΝΟ ΤΩΝ ΑΝΘΡΩΠΙΝΩΝ ΣΧΕΣΕΩΝ ΙΣΤΟΡΙΚΗ ΑΝΑΣΚΟΠΗΣΗ ΚΑΙ ΕΞΕΛΙΞΗ ΤΩΝ ΑΝΘΡΩΠΙΝΩΝ ΣΧΕΣΕΩΝ ΣΥΓΚΡΙΣΗ ΕΡΓΑΤΙΚΩΝ, ΒΙΟΜΗΧΑΝΙΚΩΝ, ΔΗΜΟΣΙΩΝ ΚΑΙ ΑΝΘΡΩΠΙΝΩΝ ΣΧΕΣΕΩΝ
700 1 _aΘεοδωρατος Φ. Ευαγ
_97475
942 _cBK
999 _c6498
_d6498